[Event "Karelian Winter"]
[Site "Petrozavodsk"]
[Date "2012.12.15"]
[Round "4"]
[White "Radkov, Bazhen D"]
[Black "Yakushev, Alexander A"]
[Result "0-1"]
[WhiteElo "1918"]
[BlackElo "1774"]
[PlyCount "74"]
[EventDate "2012.12.14"]
[EventType "swiss"]
[EventRounds "7"]
[EventCountry "RUS"]
[SourceTitle "EXT 2022"]
[Source "ChessBase"]
[SourceDate "2021.10.06"]
[SourceVersion "1"]
[SourceVersionDate "2021.10.06"]
[SourceQuality "1"]

1. d4 d6 2. e4 g6 3. Nc3 Bg7 4. g3 e5 5. d5 Ne7 6. Bg2 Nd7 7. Nge2 0-0 8. 0-0 a6 9. a4 f5 10. h3 Nf6 11. exf5 gxf5 12. Be3 Qe8 13. b4 Bd7 14. Qd2 Qg6 15. f4 Nh5 16. Kh2 Kh8 17. fxe5 dxe5 18. Bc5 Rae8 19. d6 cxd6 20. Qxd6 Be6 21. Bxb7 f4 22. g4 Ng3 23. Rfc1 Nxe2 24. Nxe2 Rg8 25. Nc3 Qf7 26. Ne4 h6 27. Qxa6 f3 28. Be3 Nd5 29. Bxd5 Bxd5 30. Ng3 e4 31. Nf5 Be5+ 32. Kh1 Rg6 33. Qf1 h5 34. Nh6 Rxh6 35. Bxh6 hxg4 36. hxg4 e3 37. c4 Be4 0-1

[Event "Petrozavodsk nt"]
[Site "Petrozavodsk"]
[Date "2010.03.22"]
[Round "3"]
[White "Yakushev, Alexander A"]
[Black "Shanchuk, Ivan A"]
[Result "0-1"]
[WhiteElo "1796"]
[BlackElo "1834"]
[PlyCount "38"]
[EventDate "2010.03.20"]
[EventType "tourn"]
[EventRounds "9"]
[EventCountry "RUS"]
[SourceTitle "EXT 2022"]
[Source "ChessBase"]
[SourceDate "2021.10.06"]
[SourceVersion "1"]
[SourceVersionDate "2021.10.06"]
[SourceQuality "1"]

1. d4 d5 2. f4 e6 3. Nf3 Bd6 4. e3 f5 5. Bd3 Nf6 6. 0-0 0-0 7. Ne5 Nbd7 8. Nd2 c5 9. c3 Ne4 10. Nxd7 Bxd7 11. Nf3 Rc8 12. Bd2 cxd4 13. exd4 Be8 14. Ne5 Rf6 15. Be1 Bxe5 16. fxe5 Rg6 17. Bxe4 fxe4 18. Rf4 Qg5 19. Qd2 e3 0-1